000 00427nam a2200181Ia 4500
008 230524s9999 xx 000 0 und d
020 _a812030974X
082 _a5.43
_bTAN
100 _aAndrew S.Tanenbaum
245 0 _aOperating Systems
250 _a2ND
260 _aNEW DELHI
_bPHI
_c2002
300 _aXVII;939
500 _aQuantity Number: 10
650 _aComp-Sc
700 _a Albert S.Woodhull
942 _cBK
999 _c18864
_d18864